000 00848nas a22001817a 4500
999 _c1180
_d1180
008 130226t20049999bl ||||| |||| 00| 0 por d
022 _a1679-4508
245 _aEinstein
260 _aSâo Paulo:
_bInstituto Israelita de Ensino e Pesquisa Albert Einstein,
_c2004
300 _av. :
310 _acuatrimestral
546 _aportugués
590 _aIndizada en: Scielo Brazil Año 2004 al 2010 BAJA EN DEPOSITO
590 _aExistencias: 2004 2(1,2,4); 2005 3(1-4, supl); 2006 4(3,4, supl); 2007 2(5); 2008 6(1,2,4, supl); 2009 7(1-4); 2010 8(1,4,supl); 2011 9(2); 2012 10(1-4); 2013 11(1-4, supl); 2014 12(1,2,4); 2015 13(1,3); 2016 14(1,3,4); 2017 15(2) Año 2004 al 2010 BAJA EN DEPOSITO
650 _aMEDICINA INTERNA
_91738
856 _uhttp://www.scielo.br/scielo.php?script=sci_serial&pid=1679-4508&lng=en&nrm=iso
942 _2ddc
_cCR